Music Quiz

Random Music or Clickable Quiz
Score 0/20 Timer 08:00
0 Plays Today
% Correct
I was petrified
91.2%
Make it last forever friendship never ends
88.2%
Living for today
83.3%
I think about it every night and day
81.9%
Whats it like in New York City
81.7%
Pretty woman the kind I like to meet
80.8%
There is just one thing I need
80.1%
My achy breaky heart
77.6%
Like Jessie's Girl
75.8%
Absolutely soaking wet
75.5%
% Correct
Come with me Friday dont say maybe
74.9%
Since u took your love away
71%
With an uptown girl
68.1%
My loneliness calls
67.9%
The moment you own it
66.5%
Then won't you slap my face
65.2%
You're addicted to love
64.6%
Or must I imagine you there
63.6%
See the thorn twist in your side
62.4%
Say you'll love me again
60.5%
Remove Ads.
Support Sporcle.
Get the best of Sporcle when you Go Orange. This ad-free experience offers more features, more stats, and more fun while also helping to support Sporcle. Thank you for becoming a member.

You're not logged in!

Compare scores with friends on all Sporcle quizzes.
OR
Log In

Show Comments

Extras

Top Quizzes Today


Score Distribution

Your Account Isn't Verified!

In order to create a playlist on Sporcle, you need to verify the email address you used during registration. Go to your Sporcle Settings to finish the process.

Report this User

Report this user for behavior that violates our Community Guidelines.

Details: